American Actresses - Sudden Death - Statistics

General Stats
  • This quiz has been taken 351 times
  • The average score is 8 of 14
Answers on the Grid
Answers color-coded by a green-red scale on the quiz's grid according to % correct below.
Ana de Armas
Angelina Jolie
Anne Hathaway
Cameron Diaz
Cate Blanchett
Emilia Clarke
Emily Blunt
Emma Stone
Emma Watson
Halle Berry
Helen Mirren
Jennifer Lawrence
Julia Roberts
Kate Beckinsale
Kate Winslet
Keira Knightley
Margot Robbie
Meryl Streep
Michelle Pfeiffer
Monica Bellucci
Naomi Watts
Rachel McAdams
Salma Hayek
Sandra Bullock
Scarlett Johansson
Sharon Stone
Taraji P. Henson
Zoe Saldana
 
Answer Stats
Answer % Correct
Angelina Jolie
86%
Anne Hathaway
72%
Cameron Diaz
71%
Jennifer Lawrence
64%
Julia Roberts
63%
Emma Stone
59%
Halle Berry
59%
Meryl Streep
54%
Michelle Pfeiffer
52%
Sandra Bullock
52%
Scarlett Johansson
43%
Sharon Stone
42%
Zoe Saldana
23%
Taraji P. Henson
19%
No matching quizzes found
Score Distribution
Percent of People with Each Score
Percentile by Number Answered
Your Score History
You have not taken this quiz